000 01096nam0a2200289 4500
001 RU\NLR\bibl\1472262
005 20260406161922.0
010 _a978-5-9985-0706-9
_95000
021 _aRU
_b2009-101890
_96483
035 _a(NLR Aleph) 001463949
090 _a1601043
_c1601043
100 _a20100211d2010 |||y0rusy50 ca
101 1 _arus
_cund
102 _aRU
105 _aa |||||||||
200 1 _aПисьма к друзьям
_fВинсент Ван Гог
_g[пер. Полины Мелковой]
210 _aСанкт-Петербург
_cАзбука-классика
_d2010 [т.е. 2009]
215 _a220, [3] с.
_cил., факс.
_d18
225 1 _aАзбука-классика
600 1 _aВан Гог
_bВ.
_f1853 - 1890
_gВинсент
_jПереписка
_91226572
_3RU\NLR\auth\66181614
686 _aЩ143(4Фр)5-8Ван-Гог13
700 1 _4070
_7ca
_8rus
_aВан Гог
_bВ.
_cхудожник
_f1853-1890
_gВинсент
_9118869
_3RU\NLR\auth\778999
801 0 _aRU
_bNLR
_c20100211
_gRCR
801 1 _aRU
_bNLR
_c20100211
942 _cBOOK
980 _aNB